Divé husi /

Hlavní autor: Ozábal, Ján, 1914-1981
Další autoři: Ivák, Milan, 1919-1994
Jazyk: Slovenština
Vydáno: Bratislava : Osvetový ústav, 1960
Fyzický popis: 24 stran ; 28 cm
Knihy
Uloženo v:
LEADER 00817nam a22002537i 4500
001 001757707
003 CZ BrMZK
005 20200708151140.0
007 ta
008 200708s1960 xo er|||||||||||slo d
040 |a BOA001  |b cze  |e rda 
100 1 |a Ozábal, Ján,  |d 1914-1981  |7 ola2002152444  |4 aut 
245 1 0 |a Divé husi /  |c Ján Ozábal ; režijné poznámky Milan Ivák 
264 1 |a Bratislava :  |b Osvetový ústav,  |c 1960 
300 |a 24 stran ;  |c 28 cm 
336 |a text  |b txt  |2 rdacontent 
337 |a bez média  |b n  |2 rdamedia 
338 |a svazek  |b nc  |2 rdacarrier 
500 |a 150 výtisků 
700 1 |a Ivák, Milan,  |d 1919-1994  |7 xx0245704  |4 edt 
910 |a BOA001  |b X2-0468.649 
990 |a BK 
991 |b 202007 
996 7 |b 2618857746  |c X2-0468.649  |l MZK  |r Sklad / do 24 hodin  |n 0  |w 001812537  |u 000010  |a 1  |e BOA001  |j MZK50  |s A